[Event "London Classic Open 2018"]
[Site "London ENG"]
[Date "2018.12.09"]
[Round "1.62"]
[White "Signorelli, Gaetano"]
[Black "Liu, Cheng"]
[Result "1-0"]
[WhiteElo "2222"]
[BlackElo "1840"]
[WhiteFideId "863416"]
[BlackFideId "331059692"]
[EventDate "2018.12.09"]

1. e4 e5 2. Nf3 d6 3. d4 exd4 4. Nxd4 Nf6 5. Nc3 Be7 6. Bf4 O-O 7. Qd2 a6 8.
O-O-O b5 9. f3 b4 10. Nd5 Nxd5 11. exd5 a5 12. g4 Bf6 13. g5 Bxd4 14. Qxd4 Bf5
15. h4 Nd7 16. h5 f6 17. g6 Ne5 18. h6 Bxg6 19. Bh3 Re8 20. Be6+ Rxe6 21. dxe6
Qe7 22. Qd5 Re8 23. Bxe5 fxe5 24. Qxa5 b3 25. axb3 gxh6 26. Rxh6 Qg5+ 27. Qd2
Qxd2+ 28. Kxd2 Rxe6 29. Rh4 Rf6 30. Rc4 c5 31. Ke3 Kf7 32. Rf1 Ke6 33. c3 Bc2
34. b4 Kd5 35. Rh4 cxb4 36. Rxb4 Kc5 37. Ra1 Bg6 38. Ra8 Kc6 39. Ra6+ Kc7 40.
Ra7+ Kc6 41. Re7 Rf8 42. f4 exf4+ 43. Rxf4 Rb8 44. Rc4+ Kd5 45. Rcc7 Rb3 46. Rb7
Rxb7 47. Rxb7 Kc6 48. Rb8 h5 49. Rh8 Kc5 50. Kf4 Kc4 51. Rh6 Bf7 52. Rxd6 Kb3
53. Rb6+ Kc2 54. Ke3 Bc4 55. Kd4 Bf1 56. Rh6 Be2 57. c4 Kxb2 58. c5 Kb3 59. c6
Kb4 60. c7 Bg4 61. Rh8 1-0

[Event "London Classic Open 2018"]
[Site "London ENG"]
[Date "2018.12.09"]
[Round "1.63"]
[White "Finn, Peter"]
[Black "Mihalik, Agoston"]
[Result "1/2-1/2"]
[WhiteElo "1820"]
[BlackElo "2220"]
[WhiteFideId "432156"]
[BlackFideId "719021"]
[EventDate "2018.12.09"]

1. e4 c5 2. Nf3 d6 3. d4 cxd4 4. Nxd4 Nf6 5. f3 e5 6. Nb3 Be6 7. c4 Nbd7 8. Be3
Rc8 9. Nc3 a6 10. g4 h6 11. Qd2 Nb6 12. Na5 Nxc4 13. Nxc4 Bxc4 14. Bxc4 Rxc4 15.
O-O-O Be7 16. Kb1 Rc6 17. h4 Nd7 18. Rdg1 Nf8 19. Nd5 Bxh4 20. g5 hxg5 21. Qb4
Ng6 22. Qxb7 Qc8 23. Qa7 Qd7 24. Qa8+ Qc8 25. Qa7 Qd7 26. Qa8+ 1/2-1/2

[Event "London Classic Open 2018"]
[Site "London ENG"]
[Date "2018.12.09"]
[Round "1.64"]
[White "Hill, Alistair"]
[Black "Rohfleisch, Daniel"]
[Result "1-0"]
[WhiteElo "2219"]
[BlackElo "1820"]
[WhiteFideId "432407"]
[BlackFideId "12999881"]
[EventDate "2018.12.09"]

1. Nf3 Nf6 2. c4 e6 3. g3 b6 4. Bg2 Bb7 5. O-O c5 6. Nc3 d5 7. cxd5 Nxd5 8. Re1
Be7 9. e4 Nxc3 10. bxc3 O-O 11. d4 cxd4 12. cxd4 Nc6 13. Bb2 Na5 14. Rc1 Rc8 15.
Rxc8 Qxc8 16. d5 Rd8 17. Nd4 Bb4 18. Rf1 exd5 19. Nf5 dxe4 20. Qg4 g6 21. Qg5 e3
22. fxe3 Rd2 23. Nh6+ Kf8 24. Rxf7+ Ke8 25. Qe5+ Kd8 26. Qh8+ 1-0

[Event "London Classic Open 2018"]
[Site "London ENG"]
[Date "2018.12.09"]
[Round "1.65"]
[White "Kupka, Kajetan"]
[Black "Haribalu, V."]
[Result "0-1"]
[WhiteElo "1818"]
[BlackElo "2208"]
[WhiteFideId "1134272"]
[BlackFideId "5015189"]
[EventDate "2018.12.09"]

1. e4 c5 2. f4 d5 3. exd5 Nf6 4. Bb5+ Bd7 5. Bxd7+ Qxd7 6. c4 e6 7. Qe2 Bd6 8.
Nh3 O-O 9. dxe6 fxe6 10. O-O Nc6 11. d3 Rae8 12. Be3 e5 13. f5 e4 14. Nf4 exd3
15. Qd2 Qxf5 16. Nh3 Bxh2+ 17. Kxh2 Qxf1 0-1

[Event "London Classic Open 2018"]
[Site "London ENG"]
[Date "2018.12.09"]
[Round "1.66"]
[White "Knudsen, Simon"]
[Black "Woltery, Nicolai"]
[Result "1-0"]
[WhiteElo "2206"]
[BlackElo "1817"]
[WhiteFideId "12985546"]
[BlackFideId "436887"]
[EventDate "2018.12.09"]

1. e4 c5 2. Nf3 Nc6 3. Bb5 g6 4. Bxc6 bxc6 5. O-O Bg7 6. Re1 Nh6 7. c3 O-O 8. h3
f6 9. d4 cxd4 10. cxd4 Nf7 11. Nc3 d6 12. Be3 Bd7 13. Rc1 Rb8 14. Qd2 Qb6 15. b3
Qb7 16. h4 Rbd8 17. h5 g5 18. Nh2 h6 19. Nf1 Bg4 20. Ng3 e5 21. f3 Bd7 22. d5 c5
23. Nd1 Rb8 24. Nb2 Rfc8 25. Nc4 Bf8 26. Rc2 Qa6 27. Rec1 Qb5 28. Kh2 Qa6 29.
Bf2 Qb5 30. Be1 Be7 31. Ne3 Bf8 32. Ngf5 Bxf5 33. Nxf5 Qd7 34. Rc4 Rb5 35. b4
Rxb4 36. Qxb4 cxb4 37. Rxc8 1-0

[Event "London Classic Open 2018"]
[Site "London ENG"]
[Date "2018.12.09"]
[Round "1.67"]
[White "Wei, Naomi"]
[Black "Villiers, Thomas"]
[Result "0-1"]
[BlackTitle "CM"]
[WhiteElo "1812"]
[BlackElo "2205"]
[WhiteFideId "425850"]
[BlackFideId "427209"]
[EventDate "2018.12.09"]

1. d4 Nf6 2. c4 e6 3. Nc3 Bb4 4. e3 b6 5. Ne2 Bb7 6. a3 Be7 7. d5 O-O 8. Nf4 Re8
9. Be2 exd5 10. cxd5 Bd6 11. O-O Qe7 12. Nh5 c6 13. Nxf6+ Qxf6 14. Bf3 Na6 15.
Qd2 Nc5 16. Rb1 Nb3 17. Qd3 Qe5 18. g3 Nc5 19. Qd2 cxd5 20. Nb5 Bf8 21. Nd4 Ba6
22. Rd1 Rac8 23. Qe1 Bd3 24. Ra1 Be4 25. Be2 Ne6 26. Ba6 Nxd4 27. exd4 Qf5 28.
Qf1 Qf3 0-1

[Event "London Classic Open 2018"]
[Site "London ENG"]
[Date "2018.12.09"]
[Round "1.68"]
[White "Stoyanov, Viktor"]
[Black "Kirupakaran, Vishnu"]
[Result "1-0"]
[WhiteElo "2205"]
[BlackElo "1794"]
[WhiteFideId "450308"]
[BlackFideId "443492"]
[EventDate "2018.12.09"]

1. Nf3 d5 2. e3 Nf6 3. c4 c6 4. Nc3 e6 5. b3 Nbd7 6. Bb2 Bd6 7. Qc2 Qe7 8. Be2
O-O 9. cxd5 exd5 10. Nd4 Ne5 11. Nf5 Bxf5 12. Qxf5 Rfe8 13. O-O g6 14. Qh3 Ne4
15. f4 Nd7 16. Nxe4 dxe4 17. a4 Nb6 18. Qh6 Qf8 19. Qg5 f5 20. Qh4 Be7 21. Qh3
Bf6 22. Ba3 Qg7 23. Ra2 Rad8 24. a5 Nd5 25. Rc2 Kh8 26. a6 Be7 27. Bb2 Bf6 28.
Bxf6 Nxf6 29. Rfc1 Rd6 30. axb7 Qxb7 31. Bc4 Red8 32. Qh4 Ne8 33. Qe1 Nc7 34. d4
Ne8 35. Qa5 Ng7 36. Ra1 R6d7 37. Qa4 c5 38. dxc5 Rd1+ 39. Rxd1 Rxd1+ 40. Bf1 Rb1
41. c6 Qb6 42. Qd4 1-0

[Event "London Classic Open 2018"]
[Site "London ENG"]
[Date "2018.12.09"]
[Round "1.69"]
[White "Shivika Rohilla"]
[Black "Dougan Maho, Harold"]
[Result "0-1"]
[WhiteElo "1780"]
[BlackElo "2204"]
[WhiteFideId "45015414"]
[BlackFideId "2257076"]
[EventDate "2018.12.09"]

1. e4 Nf6 2. e5 Nd5 3. d4 d6 4. Nf3 dxe5 5. Nxe5 c6 6. Bd3 Nd7 7. Nxd7 Bxd7 8.
c3 g6 9. O-O Bg7 10. Nd2 O-O 11. Nf3 Qc7 12. Bg5 f6 13. Bd2 Be6 14. Re1 Bf7 15.
Qc2 Rfe8 16. Bc4 Kh8 17. Bb3 a5 18. a4 Qb6 19. Ba2 c5 20. c4 Nb4 21. Bxb4 Qxb4
22. d5 e5 23. Rab1 Re7 24. b3 Rae8 25. Rbd1 Qa3 26. Bb1 f5 27. Nd2 e4 28. Nf1
Qb4 29. g3 Rd7 30. Ne3 Bd4 31. Ba2 Rd6 32. Qe2 Qb6 33. Nc2 Bc3 34. Rf1 Qc7 35.
Na3 Be5 36. Nb5 Qd7 37. Nxd6 Qxd6 38. Kh1 g5 39. Bb1 Qh6 40. Qe3 Bh5 41. Qxc5
Bf3+ 42. Kg1 Qh3 43. Rfe1 Qg2# 0-1

[Event "London Classic Open 2018"]
[Site "London ENG"]
[Date "2018.12.09"]
[Round "1.70"]
[White "Stephan, Axel"]
[Black "Mazur, Maciej"]
[Result "1-0"]
[WhiteElo "2204"]
[BlackElo "1772"]
[WhiteFideId "4632834"]
[BlackFideId "21031150"]
[EventDate "2018.12.09"]

1. e4 c5 2. Nc3 d6 3. Nge2 Nf6 4. g3 Nc6 5. Bg2 e6 6. O-O Be7 7. f4 e5 8. d3 a6
9. a4 O-O 10. f5 b6 11. h3 Nd4 12. g4 Nxe2+ 13. Qxe2 Nd7 14. Bf3 Bb7 15. Rf2 Bg5
16. Bxg5 Qxg5 17. Rh2 Qh4 18. Kh1 g6 19. Rf1 g5 20. Qe3 f6 21. Bd1 Bc6 22. Qc1
b5 23. Qa1 Kg7 24. Qa2 b4 25. Nd5 Rf7 26. a5 Rc8 27. Ne3 h5 28. Kg2 Rh8 29. Rfh1
Kf8 30. Qe6 Bb7 31. Qxd6+ Ke8 32. c3 bxc3 33. Ba4 Kd8 34. bxc3 c4 35. Rb1 hxg4
36. Nxg4 Kc8 37. Rxb7 Kxb7 38. Bxd7 Rxd7 39. Qxd7+ Ka8 40. Qc6+ Ka7 41. Qb6+ Ka8
42. Qxa6+ Kb8 43. Rh1 Kc7 44. Qxc4+ Kd7 45. Nxf6+ Ke7 46. Qe6+ Kf8 47. Nd7+ Kg7
48. Qg6# 1-0

[Event "London Classic Open 2018"]
[Site "London ENG"]
[Date "2018.12.09"]
[Round "1.71"]
[White "Volovich, Julia"]
[Black "Ethelontis, Alexandros N"]
[Result "0-1"]
[WhiteElo "1772"]
[BlackElo "2187"]
[WhiteFideId "447099"]
[BlackFideId "405469"]
[EventDate "2018.12.09"]

1. d4 e6 2. c4 Nf6 3. Nf3 c5 4. d5 exd5 5. cxd5 g6 6. Nc3 d6 7. e4 Bg4 8. Bg5
Bg7 9. Bb5+ Nbd7 10. h3 Bxf3 11. Qxf3 h6 12. Bxd7+ Kxd7 13. Bh4 Re8 14. O-O Ke7
15. Rfe1 Kf8 16. Bg3 Nh5 17. Bh2 Be5 18. Bxe5 Rxe5 19. Qe3 g5 20. Qf3 Nf6 21.
Rac1 Qe7 22. Re2 Re8 23. Rce1 a6 24. a4 Kg7 25. Qd3 Qd7 26. Qg3 b5 27. axb5 axb5
28. f4 Nh5 29. Qg4 Qxg4 30. hxg4 Nxf4 31. Re3 b4 32. Nd1 c4 33. Nf2 Nxd5 34.
R3e2 Nf4 35. Rd2 d5 36. Rd4 Rc8 37. g3 Ng6 38. Rc1 c3 39. bxc3 Rxc3 40. Rxc3
bxc3 41. Rxd5 c2 42. Nd3 Rxe4 43. Rc5 Re3 44. Kf2 Rxd3 45. Rxc2 Ne5 46. Ke2 Rxg3
47. Rc5 Nxg4 48. Rc4 h5 49. Rc5 Kg6 50. Rc6+ f6 51. Rc8 h4 52. Rg8+ Kh7 53. Ra8
h3 54. Ra7+ Kg6 55. Ra1 h2 56. Rh1 Rg1 0-1

[Event "London Classic Open 2018"]
[Site "London ENG"]
[Date "2018.12.09"]
[Round "1.72"]
[White "Britton, Richard L"]
[Black "Zhao, Haolin"]
[Result "1/2-1/2"]
[WhiteTitle "FM"]
[WhiteElo "2186"]
[BlackElo "1765"]
[WhiteFideId "401692"]
[BlackFideId "428680"]
[EventDate "2018.12.09"]

1. e4 c5 2. Nf3 g6 3. d3 Bg7 4. g3 Nc6 5. Bg2 d6 6. O-O Nf6 7. c3 Bg4 8. h3 Bxf3
9. Qxf3 O-O 10. Rd1 Nd7 11. Be3 Rb8 12. Qe2 b5 13. d4 Qc7 14. Na3 b4 15. Nc4
Rfd8 16. Rac1 Na5 17. cxb4 Rxb4 18. Nxa5 Qxa5 19. Bd2 Bxd4 20. a3 Qb5 21. Qxb5
Rxb5 22. b4 Bb2 23. a4 Bxc1 24. axb5 Bxd2 25. Rxd2 cxb4 26. Rb2 Rb8 27. Rxb4 a6
28. Bf1 axb5 29. Rxb5 Rxb5 30. Bxb5 Nc5 31. f3 Kg7 32. Kf2 h5 33. h4 Ne6 34. Ke3
g5 35. hxg5 Nxg5 36. f4 Ne6 37. Be2 Kh6 38. Bd1 Ng7 39. Kd4 Kg6 40. Kd5 Ne8 41.
Kc6 Ng7 42. Kd7 Kf6 43. Bf3 Ne6 44. e5+ dxe5 45. fxe5+ Kxe5 46. Kxe7 Ng5 47.
Bxh5 f5 48. Bg6 Ne4 49. Bxf5 Kxf5 50. g4+ Kxg4 1/2-1/2

[Event "London Classic Open 2018"]
[Site "London ENG"]
[Date "2018.12.09"]
[Round "1.73"]
[White "Day, Christopher"]
[Black "Laustsen, Lars"]
[Result "0-1"]
[WhiteElo "1761"]
[BlackElo "2186"]
[WhiteFideId "2625326"]
[BlackFideId "1407554"]
[EventDate "2018.12.09"]

1. d4 d5 2. c4 c6 3. Nf3 Nf6 4. e3 Bf5 5. Nc3 e6 6. Nh4 Bg6 7. Nxg6 hxg6 8. Rb1
Nbd7 9. c5 e5 10. b4 b5 11. cxb6 axb6 12. Qb3 exd4 13. exd4 b5 14. Be2 Bd6 15.
g3 Nb6 16. O-O Qd7 17. Re1 Kf8 18. Bf1 Qf5 19. Nd1 Ne4 20. Rb2 Ra4 21. a3 Be7
22. Nc3 Nxc3 23. Qxc3 Qd7 24. Rbe2 Nc8 25. Qe3 Ra7 26. Bg2 Nd6 27. Qf4 g5 28.
Qf3 Bf6 29. Qd3 g6 30. Qc2 Kg7 31. Bb2 Rha8 32. Qd3 Nc4 33. Ra1 Qg4 34. Bf3 Nxb2
35. Rxb2 Qxd4 36. Qxd4 Bxd4 0-1

[Event "London Classic Open 2018"]
[Site "London ENG"]
[Date "2018.12.09"]
[Round "1.74"]
[White "Martinez, Ayelen"]
[Black "Hosdurga, Chirag"]
[Result "1-0"]
[WhiteTitle "WIM"]
[WhiteElo "2185"]
[BlackElo "1758"]
[WhiteFideId "118702"]
[BlackFideId "438189"]
[EventDate "2018.12.09"]

1. e4 c5 2. Nf3 Nc6 3. d4 cxd4 4. Nxd4 Qb6 5. Nb5 a6 6. Be3 Qa5+ 7. N5c3 Nf6 8.
Nd2 b5 9. a4 b4 10. Nc4 Qc7 11. Nd5 Nxd5 12. exd5 Ne5 13. Bb6 Qb8 14. Qd4 Nxc4
15. Bxc4 a5 16. d6 e6 17. O-O-O Ba6 18. Bb3 Rg8 19. Rhe1 Qb7 20. Bd5 Qc8 21.
Bxe6 1-0

[Event "London Classic Open 2018"]
[Site "London ENG"]
[Date "2018.12.09"]
[Round "1.75"]
[White "De Paolis, Fabrizio"]
[Black "Brooks, Phil J"]
[Result "0-1"]
[WhiteElo "1754"]
[BlackElo "2184"]
[WhiteFideId "822027"]
[BlackFideId "405540"]
[EventDate "2018.12.09"]

1. d4 e6 2. c4 d5 3. Nc3 Be7 4. Nf3 Nf6 5. cxd5 exd5 6. Bf4 c6 7. e3 Bf5 8. Bd3
Bxd3 9. Qxd3 Nbd7 10. O-O O-O 11. h3 Re8 12. Ne5 Nxe5 13. Bxe5 Nd7 14. Bh2 Nb6
15. Rac1 Qd7 16. a3 a5 17. Rfd1 Nc4 18. Rc2 f5 19. Nb1 a4 20. Nd2 b5 21. Nf3 Bf6
22. Rdc1 Ra6 23. Qc3 Re6 24. Ne5 Bxe5 25. Bxe5 Qe8 26. Bf4 Qh5 27. Qd3 Ra8 28.
Qd1 Qf7 29. Qf3 Rae8 30. Qd1 Qf6 31. Qh5 Qf7 32. Qf3 Rg6 33. Kh1 Qe6 34. Qh5 Qe4
35. Qf3 h6 36. Qxe4 fxe4 37. Be5 Rf8 38. Kg1 Rf3 39. Bg3 Rf5 40. Bf4 Re6 41. Kf1
g5 42. Be5 Nxe3+ 43. Ke2 Nxc2 44. Rxc2 Kf8 45. Ke3 Ke8 46. Rc5 Kd7 47. Bh2 h5
48. Rc2 Rg6 49. Rc5 h4 50. Be5 g4 51. hxg4 Rxg4 52. g3 Rf3+ 53. Ke2 Rb3 54. Rc2
hxg3 55. Bxg3 Rd3 56. Be5 Rg1 57. Bf6 Rb3 0-1

[Event "London Classic Open 2018"]
[Site "London ENG"]
[Date "2018.12.09"]
[Round "1.76"]
[White "Brozel, Sacha"]
[Black "Mohnblatt, Daniel"]
[Result "1-0"]
[WhiteElo "2182"]
[BlackElo "1749"]
[WhiteFideId "429317"]
[BlackFideId "648582"]
[EventDate "2018.12.09"]

1. d4 Nf6 2. c4 e6 3. g3 d5 4. Bg2 Be7 5. Nf3 O-O 6. O-O dxc4 7. Qc2 c6 8. Qxc4
Nbd7 9. Qc2 Qb6 10. Nbd2 Rd8 11. Nc4 Qa6 12. Rd1 b5 13. Nce5 Bb7 14. Nxd7 Nxd7
15. Bg5 f6 16. Be3 Rac8 17. b4 Nb6 18. Bh3 f5 19. Bg5 Re8 20. Bxe7 Rxe7 21. Ne5
Qa4 22. Qxa4 Nxa4 23. Rac1 Nb6 24. Bg2 Nd5 25. Bxd5 exd5 26. Rd3 Re6 27. e3 g5
28. f4 gxf4 29. gxf4 Rc7 30. Rd2 Rg7+ 31. Rg2 Rxg2+ 32. Kxg2 Kg7 33. Kf3 Rh6 34.
Rg1+ Kf8 35. Nd7+ Kf7 36. Ne5+ Kf8 37. Rg5 Bc8 38. Kg3 a5 39. bxa5 b4 40. Nd3
Ba6 41. Nxb4 Bf1 42. Rxf5+ Ke8 1-0

[Event "London Classic Open 2018"]
[Site "London ENG"]
[Date "2018.12.09"]
[Round "1.77"]
[White "De Lagontrie, Jean"]
[Black "McClement, Andrew"]
[Result "0-1"]
[WhiteElo "1742"]
[BlackElo "2182"]
[WhiteFideId "605271"]
[BlackFideId "2400480"]
[EventDate "2018.12.09"]

1. d4 Nf6 2. c4 e6 3. Nc3 Bb4 4. e3 d5 5. a3 Bxc3+ 6. bxc3 c5 7. cxd5 exd5 8.
Bd3 O-O 9. f3 Nc6 10. Ne2 b6 11. O-O Re8 12. Ng3 Bb7 13. Ra2 Rc8 14. Re2 cxd4
15. cxd4 Na5 16. Bb2 Nc4 17. Bxc4 Rxc4 18. Rfe1 Qc7 19. e4 Rc8 20. exd5 Bxd5 21.
Nf5 Rf8 22. Ne7+ Kh8 23. Nxd5 Nxd5 24. Re8 Kg8 25. Qe2 Qc6 26. Rxf8+ Kxf8 27.
Qe5 Qd7 28. a4 h6 29. Ba3+ Kg8 30. Bd6 Nf6 31. d5 Rxa4 32. Rc1 Ra5 33. Rd1 Rb5
34. Ba3 Rxd5 35. Rxd5 Nxd5 36. Bb2 Nf6 37. h4 Qe8 38. Qd4 Qb8 39. Bc1 Ne8 40.
Qg4 Qd6 41. Bf4 Qe6 42. Qg3 a5 43. Qf2 b5 44. Bd2 b4 45. Qa7 Qd5 46. Be3 Qb5 47.
Bc5 b3 48. Ba3 b2 49. Bxb2 Qxb2 50. Qxa5 Qd4+ 0-1

[Event "London Classic Open 2018"]
[Site "London ENG"]
[Date "2018.12.09"]
[Round "1.78"]
[White "Sumit, Kumar"]
[Black "Chilton, James I"]
[Result "1-0"]
[WhiteElo "2179"]
[BlackElo "1738"]
[WhiteFideId "5054010"]
[BlackFideId "423009"]
[EventDate "2018.12.09"]

1. e4 c5 2. Nf3 e6 3. d3 d5 4. Nbd2 Nc6 5. g3 Nf6 6. Bg2 Be7 7. O-O O-O 8. e5
Nd7 9. Re1 b5 10. Nf1 c4 11. d4 Nb6 12. h4 a5 13. N1h2 Ra7 14. Ng5 h6 15. Nh3 f5
16. exf6 Bxf6 17. c3 e5 18. dxe5 Nxe5 19. Nf4 Bf5 20. g4 Nd3 21. gxf5 Nxe1 22.
Qxe1 Re7 23. Qd1 Bxh4 24. Be3 Rxf5 25. Nf3 g5 26. Nh5 Ref7 1-0

[Event "London Classic Open 2018"]
[Site "London ENG"]
[Date "2018.12.09"]
[Round "1.79"]
[White "Islam, Mohammed"]
[Black "Keetman, Maaike"]
[Result "0-1"]
[WhiteElo "1725"]
[BlackElo "2173"]
[WhiteFideId "10211870"]
[BlackFideId "1033697"]
[EventDate "2018.12.09"]

1. d4 Nf6 2. c4 g6 3. Nc3 Bg7 4. e4 d6 5. Nf3 O-O 6. Be2 e5 7. d5 a5 8. O-O Na6
9. h3 Qe8 10. Be3 Nd7 11. Nd2 Ndc5 12. Nb3 Nxb3 13. Qxb3 f5 14. f3 f4 15. Bf2 g5
16. c5 Rf6 17. Rac1 Qh5 18. Kh2 Rh6 19. Rh1 Kh8 20. cxd6 cxd6 21. Qb6 Bf8 22.
Qxa5 g4 23. fxg4 Bxg4 24. Qb5 f3 25. Bf1 fxg2 26. Bxg2 Bxh3 27. Kg1 Qg5 28. Qf1
Bxg2 0-1

[Event "London Classic Open 2018"]
[Site "London ENG"]
[Date "2018.12.09"]
[Round "1.80"]
[White "Ogunshola, Ben"]
[Black "Jekel, Wolfgang"]
[Result "1-0"]
[WhiteElo "2172"]
[BlackElo "1723"]
[WhiteFideId "8500231"]
[BlackFideId "4690370"]
[EventDate "2018.12.09"]

1. c4 e5 2. g3 d6 3. Nc3 f5 4. Bg2 Nf6 5. d4 e4 6. Nh3 c6 7. O-O Na6 8. Bg5 Be7
9. Nf4 O-O 10. Rb1 Nc7 11. e3 Ne6 12. Nxe6 Bxe6 13. Qe2 a5 14. f3 exf3 15. Bxf3
h6 16. Bxf6 Bxf6 17. Qd3 Qd7 18. Bh5 Kh7 19. d5 Bf7 20. Bxf7 Rxf7 21. Rxf5 g6
22. Rf2 Bxc3 23. Rxf7+ Qxf7 24. bxc3 Rf8 25. Rf1 Qxf1+ 26. Qxf1 Rxf1+ 27. Kxf1
Kg7 28. e4 Kf6 29. c5 cxd5 30. exd5 dxc5 31. c4 Ke5 32. a4 Kd6 33. Ke2 Ke5 34.
g4 Kd6 35. Kd3 Ke5 36. Ke3 Kd6 37. Ke4 g5 38. h3 b6 39. Ke3 Ke5 40. Kd3 Kd6 41.
Ke4 Kd7 42. Ke5 Kc7 43. d6+ 1-0

[Event "London Classic Open 2018"]
[Site "London ENG"]
[Date "2018.12.09"]
[Round "1.81"]
[White "Lane, Ryan"]
[Black "Stigar, Petter"]
[Result "1/2-1/2"]
[BlackTitle "FM"]
[WhiteElo "1723"]
[BlackElo "2171"]
[WhiteFideId "3227332"]
[BlackFideId "1500341"]
[EventDate "2018.12.09"]

1. e4 c5 2. Nf3 Nc6 3. d4 cxd4 4. Nxd4 g6 5. c4 Nf6 6. Nc3 d6 7. Be2 Bg7 8. Be3
O-O 9. O-O Bd7 10. Qd2 Nxd4 11. Bxd4 Bc6 12. f3 a5 13. b3 Nd7 14. Bf2 Nc5 15.
Rab1 Qb8 16. Rfc1 Rc8 17. Nd5 Bxd5 1/2-1/2

[Event "London Classic Open 2018"]
[Site "London ENG"]
[Date "2018.12.09"]
[Round "1.82"]
[White "Russell, Christopher"]
[Black "Kalkowski, Igor"]
[Result "1-0"]
[WhiteElo "2169"]
[BlackElo "1716"]
[WhiteFideId "413569"]
[BlackFideId "21833966"]
[EventDate "2018.12.09"]

1. e4 c5 2. c3 g6 3. d4 cxd4 4. cxd4 d5 5. exd5 Nf6 6. Nc3 Bg7 7. Bb5+ Nbd7 8.
d6 O-O 9. dxe7 Qxe7+ 10. Nge2 a6 11. Bd3 b5 12. O-O Bb7 13. Ng3 Qd6 14. Be3 Rfe8
15. Re1 h5 16. Be2 h4 17. Nf1 b4 18. Na4 h3 19. Bf3 hxg2 20. Kxg2 Nd5 21. Rc1
Qe6 22. Ng3 a5 23. Nc5 Nxc5 24. Rxc5 Nf4+ 25. Kg1 Bxf3 26. Qxf3 Nd3 27. Re2 Nxc5
28. dxc5 Qxa2 29. h4 Rad8 30. h5 Qd5 31. Qg4 Qe6 32. Qg5 Rd1+ 33. Kh2 Qe5 34.
Bf4 Qxe2 35. Nxe2 Rxe2 36. Bg3 gxh5 37. c6 h4 38. Qxh4 Rc1 39. c7 1-0

[Event "London Classic Open 2018"]
[Site "London ENG"]
[Date "2018.12.09"]
[Round "1.83"]
[White "Vignati, Massimo"]
[Black "Eames, Robert S"]
[Result "0-1"]
[BlackTitle "FM"]
[WhiteElo "1710"]
[BlackElo "2167"]
[WhiteFideId "851337"]
[BlackFideId "408743"]
[EventDate "2018.12.09"]

1. e4 c5 2. c3 d5 3. exd5 Qxd5 4. d4 Nf6 5. Nf3 e6 6. Be2 cxd4 7. cxd4 Bb4+ 8.
Nc3 O-O 9. O-O Bxc3 10. bxc3 Nbd7 11. Re1 Qd6 12. a4 Re8 13. Ba3 Qc7 14. Rc1 b6
15. c4 Bb7 16. Qb3 Rad8 17. Bf1 Qf4 18. Qe3 Qg4 19. h3 Qh5 20. Be2 Qa5 21. Qb3
Bc6 22. Qb4 Qxa4 23. Qxa4 Bxa4 24. Bd6 Ne4 25. Bf4 Bc6 26. Ra1 a5 27. Ne5 Nxe5
28. Bxe5 Nc3 29. Bc7 Rxd4 30. Bxb6 Nxe2+ 31. Rxe2 Rxc4 32. Rxa5 Rc8 33. Rd2 Bd5
34. Ra7 h5 35. Be3 f6 36. Rd7 Kh7 37. Rd1 Kg6 38. Kh2 Ra4 39. Rc1 Rg8 40. Rcc7
h4 41. Ra7 Rxa7 42. Rxa7 Kf5 43. Ra4 g5 44. Ra5 Rd8 45. Bb6 Rd6 46. Be3 e5 47.
g4+ Ke6 48. Kg1 Bf3 49. Ra1 Kf7 50. Ra7+ Kg6 51. Ra1 Kf7 52. Ra7+ Ke6 53. Ra1
Kd5 54. Rc1 Ke4 55. Ra1 Bd1 56. Kg2 Rd3 57. Rb1 Bb3 58. Re1 Kd5 59. Rc1 Kd6 60.
Bc5+ Ke6 61. Be3 Bd5+ 62. Kg1 f5 63. gxf5+ Kxf5 64. Kh2 Bf3 65. Rg1 g4 66. hxg4+
Bxg4 67. Re1 Rd7 68. Ra1 Rh7 69. Ra4 h3 70. Rb4 Bf3 71. Rb1 Bg2 72. Rc1 Rd7 73.
Re1 Kg4 74. Ra1 Rd3 75. Ra4+ Kf3 76. Ra1 e4 77. Re1 Ra3 78. Rb1 Rxe3 79. fxe3
Kxe3 80. Kg3 Kd2 81. Rb8 e3 82. Rd8+ Ke1 83. Re8 e2 84. Re6 Kf1 85. Rf6+ Kg1 86.
Re6 h2 0-1

[Event "London Classic Open 2018"]
[Site "London ENG"]
[Date "2018.12.09"]
[Round "1.84"]
[White "Beckett, Chris J"]
[Black "Saravanan, Aadarsh"]
[Result "1-0"]
[WhiteElo "2165"]
[BlackElo "1709"]
[WhiteFideId "406244"]
[BlackFideId "440078"]
[EventDate "2018.12.09"]

1. d4 Nf6 2. c4 g6 3. Nc3 d5 4. cxd5 Nxd5 5. e4 Nxc3 6. bxc3 c5 7. Nf3 Bg7 8. h3
Nc6 9. Be3 O-O 10. Be2 Bd7 11. O-O Qc7 12. Rb1 Rfd8 13. Qb3 Rab8 14. d5 Na5 15.
Qa3 b6 16. c4 f5 17. Qc1 fxe4 18. Ng5 Nb7 19. Bg4 Bxg4 20. hxg4 Be5 21. Ne6 Qd7
22. Re1 Re8 23. Bf4 Qd6 24. Rxe4 Bxf4 25. Rxf4 Nd8 26. Re4 Nxe6 27. Rxe6 Qc7 28.
Qh6 Rbd8 29. Rb3 Rf8 30. Rxg6+ 1-0

[Event "London Classic Open 2018"]
[Site "London ENG"]
[Date "2018.12.09"]
[Round "1.85"]
[White "Ozturan, Cem"]
[Black "Czopor, Maciej"]
[Result "0-1"]
[WhiteElo "1707"]
[BlackElo "2164"]
[WhiteFideId "6323502"]
[BlackFideId "21805431"]
[EventDate "2018.12.09"]

1. d4 Nf6 2. c4 b6 3. Nc3 Bb7 4. Qc2 d5 5. cxd5 Nxd5 6. e4 Nxc3 7. bxc3 e6 8.
Bd3 Be7 9. Ne2 c5 10. O-O O-O 11. Be3 Qc7 12. e5 g6 13. Be4 cxd4 14. cxd4 Qxc2
15. Bxc2 Nc6 16. Be4 Nxd4 17. Bxb7 Nxe2+ 18. Kh1 Rab8 19. Bf3 Nc3 20. Rfc1 Rbc8
21. Rc2 Nd5 22. Rxc8 Rxc8 23. Bxd5 exd5 24. Rd1 Rd8 25. Kg1 Kf8 26. Kf1 Bc5 27.
Bd4 Ke7 28. Ke2 Bxd4 29. Rxd4 Ke6 30. f4 Rc8 31. Rd2 Rc4 32. g3 d4 33. Kd3 Kd5
34. Rb2 Rc3+ 35. Kd2 Ke4 36. Rb4 Ra3 37. Rb2 h5 38. Rc2 h4 0-1